000 01972nam a2200289 a 4500
001 497954
003 BLK
005 20240319165510.0
007 ta
008 221104b bu |||||r|||| 00| | bu d
020 _a9786197404470
040 _aBLK
041 _aBUL
_cBUL
080 _9239396
_aСъдържание и форми на работа в предучилищното възпитание и в основното образование. Учебни предмети и учебници за начални и основни училища.
_b373
_z373
080 _9236273
_aПедагогически принципи
_b37.013.2
_z37.013.2
084 _aН 33
111 _9489711
_aНационална научно-практическа конференция "75 години световна организация ОМЕП: предучилищното образование в България в перспективата на международния педагогически опит"
245 _aСборник с доклади
_bОт Национална научно-практическа конференция "75 години световна организация ОМЕП: предучилищното образование в България в перспективата на международния педагогически опит"(16-17 март 2023 г., гр. Русе)
260 _9212696
_aРусе
_bРег. библ. Любен Каравелов
_c2023
_fПечатна база при РУ "Ангел Кънчев"
300 _a330 с.
_c23 см
380 _a3
650 0 _9268557
_aПредучилищно образование
852 _bП
_c37/Н 33
856 _i0.00
_linternal use only
_qpdf
_uhttp://185.138.176.146:18082/cgi-bin/koha/opac-retrieve-file.pl?id=f42349b26a3823ebe21d8aa3e83d9b45
_xebook
942 _cKNG
_n0
944 _cМоника Янева
_k30560
_lГеновева Генчева
999 _c497954
_d497954